| Tag |
First Indicator |
Second Indicator |
Subfields |
| LEADER |
00000cgm a2200000Ki 4500 |
| 001 |
in00004444321 |
| 005 |
20211018102421.0 |
| 007 |
vd csaizq |
| 008 |
210322s2021 cau107 vleng d |
| 024 |
1 |
|
|a 826663217544
|
| 028 |
4 |
2 |
|a 86513128
|b Shout! Factory
|
| 035 |
|
|
|a (OCoLC)on1242885378
|
| 035 |
|
|
|a (OCoLC)1242885378
|
| 037 |
|
|
|b Midwest Tape
|n http://www.midwesttapes.com
|
| 040 |
|
|
|a TEFMT
|b eng
|e rda
|c TEFMT
|d TEF
|d OCLCO
|d OCLCF
|d GK8
|d OCLCO
|d OCL
|d UtOrBLW
|
| 041 |
1 |
|
|a eng
|j eng
|h eng
|
| 043 |
|
|
|a e-uk-en
|
| 046 |
|
|
|a s
|k 2020
|2 edtf
|
| 049 |
|
|
|a TXAM
|
| 050 |
|
4 |
|a PN1997.2
|b N47 2021
|
| 082 |
0 |
4 |
|a 791.43/72
|2 23
|
| 090 |
|
|
|a PN1995.9.L6
|b N47 2021
|
| 245 |
0 |
4 |
|a The nest /
|c FilmNation Entertainment and BBC Films present with the participation of Telefilm Canada ; an Element Pictures production in association with Elevation Pictures and Substitute Films ; produced by Ed Guiney, Derrin Schlesinger, Rose Garnett, Sean Durkin, Amy Jackson, Christina Piovesan ; written and directed by Sean Durkin.
|
| 257 |
|
|
|a United States
|a Great Britain
|a Canada
|2 naf
|
| 264 |
|
1 |
|a Los Angeles, CA :
|b Shout! Factory,
|c [2021]
|
| 300 |
|
|
|a 1 videodisc (107 min.) :
|b sound, color ;
|c 4 3/4 in.
|
| 336 |
|
|
|a two-dimensional moving image
|b tdi
|2 rdacontent
|
| 337 |
|
|
|a video
|b v
|2 rdamedia
|
| 338 |
|
|
|a videodisc
|b vd
|2 rdacarrier
|
| 344 |
|
|
|a digital
|2 rdatr
|
| 344 |
|
|
|b optical
|2 rdarm
|
| 347 |
|
|
|a video file
|2 rdaft
|
| 347 |
|
|
|b Blu-ray
|
| 380 |
|
|
|a Motion pictures
|2 lcgft
|
| 538 |
|
|
|a Blu-ray, wide screen; requires Blu-ray player.
|
| 546 |
|
|
|a English dialogue; Spanish subtitles; English subtitles for the deaf and hard of hearing (SDH ).
|
| 511 |
1 |
|
|a Jude Law, Carrie Coon, Charlie Shotwell, Oona Roche, Adeel Akhtar, Wendy Crewson, Anne Reid, Michael Culkin.
|
| 508 |
|
|
|a Composer, Richard Reed Parry ; editor, Matthew Hannam ; director of photography, Mátyás Erdély.
|
| 500 |
|
|
|a Originally released as a motion picture in 2020.
|
| 500 |
|
|
|a Wide screen.
|
| 521 |
8 |
|
|a Rating: R; for language throughout, some sexuality, nudity and teen partying.
|
| 520 |
|
|
|a Rory, an ambitious entrepreneur, and former commodities broker persuades his American wife, Allison, and their children to leave the comforts of suburban America and return to his native England during the '80s. Sensing an opportunity, Rory rejoins his former firm and leases a centuries-old country manor, with grounds for Allison's horses and plans to build a stable. Soon the promise of a lucrative new beginning starts to unravel, the couple has to face the unwelcome truths lying beneath the surface of their marriage.
|
| 650 |
|
0 |
|a Businessmen
|v Drama.
|
| 650 |
|
0 |
|a Families
|v Drama.
|0 http://id.loc.gov/authorities/subjects/sh2008103500
|
| 650 |
|
0 |
|a Americans
|z England
|v Drama.
|
| 650 |
|
7 |
|a Americans.
|2 fast
|0 (OCoLC)fst00807488
|
| 650 |
|
7 |
|a Businessmen.
|2 fast
|0 (OCoLC)fst00842951
|
| 650 |
|
7 |
|a Families.
|2 fast
|0 (OCoLC)fst01728849
|
| 651 |
|
7 |
|a England.
|2 fast
|0 (OCoLC)fst01219920
|
| 655 |
|
7 |
|a Fiction films.
|2 fast
|0 (OCoLC)fst01710264
|
| 655 |
|
7 |
|a Romance films.
|2 lcgft
|0 http://id.loc.gov/authorities/genreForms/gf2011026543
|
| 655 |
|
7 |
|a Feature films.
|2 lcgft
|0 http://id.loc.gov/authorities/genreForms/gf2011026247
|
| 655 |
|
7 |
|a Fiction films.
|2 lcgft
|0 http://id.loc.gov/authorities/genreForms/gf2011026250
|
| 655 |
|
7 |
|a Video recordings for the hearing impaired.
|2 lcgft
|0 http://id.loc.gov/authorities/genreForms/gf2011026725
|
| 655 |
|
7 |
|a Drama.
|2 fast
|0 (OCoLC)fst01423879
|
| 655 |
|
7 |
|a Feature films.
|2 fast
|0 (OCoLC)fst01710384
|
| 700 |
1 |
|
|a Durkin, Sean,
|e film director.
|0 http://id.loc.gov/authorities/names/no2012023016
|
| 700 |
1 |
|
|a Guiney, Ed,
|e film producer.
|0 http://id.loc.gov/authorities/names/no2002088269
|
| 700 |
1 |
|
|a Schlesinger, Derrin,
|e film producer.
|0 http://id.loc.gov/authorities/names/no2009071372
|
| 700 |
1 |
|
|a Garnett, Rose,
|e film producer.
|0 http://id.loc.gov/authorities/names/no2021033926
|
| 700 |
1 |
|
|a Jackson, Amy
|c (Producer),
|e film producer.
|
| 700 |
1 |
|
|a Piovesan, Christina,
|e film producer.
|0 http://id.loc.gov/authorities/names/no2010079674
|
| 700 |
1 |
|
|a Law, Jude,
|d 1972-
|e actor.
|0 http://id.loc.gov/authorities/names/no00032740
|
| 700 |
1 |
|
|a Coon, Carrie,
|d 1981-
|e actor.
|0 http://id.loc.gov/authorities/names/no2015088831
|
| 700 |
1 |
|
|a Shotwell, Charlie,
|e actor.
|
| 700 |
1 |
|
|a Reid, Anne,
|e actor.
|0 http://id.loc.gov/authorities/names/n2006010024
|
| 700 |
1 |
|
|a Roche, Oona,
|e actor.
|
| 700 |
1 |
|
|a Akhtar, Adeel,
|e actor.
|0 http://id.loc.gov/authorities/names/no2010057950
|
| 700 |
1 |
|
|a Crewson, Wendy,
|e actor.
|0 http://id.loc.gov/authorities/names/no97020910
|
| 700 |
1 |
|
|a Culkin, Michael,
|e actor.
|0 http://id.loc.gov/authorities/names/no2011122476
|
| 710 |
2 |
|
|a FilmNation Entertainment (Firm),
|e presenter.
|0 http://id.loc.gov/authorities/names/no2010126953
|
| 710 |
2 |
|
|a BBC Films,
|e presenter.
|0 http://id.loc.gov/authorities/names/no96015216
|
| 710 |
2 |
|
|a Telefilm Canada,
|e production company.
|0 http://id.loc.gov/authorities/names/n84129714
|
| 710 |
2 |
|
|a Element Pictures,
|e production company.
|
| 710 |
2 |
|
|a Elevation Pictures,
|e production company.
|0 http://id.loc.gov/authorities/names/no2016144484
|
| 710 |
2 |
|
|a Substitute Films,
|e production company.
|
| 710 |
2 |
|
|a Shout! Factory (Firm),
|e publisher.
|0 http://id.loc.gov/authorities/names/no2004033496
|
| 994 |
|
|
|a C0
|b TXA
|
| 948 |
|
|
|a cataloged
|b h
|c 2021/08/12
|d c
|e blrosas
|f 11:05:17 am
|
| 999 |
f |
f |
|s df71ce0d-96ab-3699-91f6-f4b4f592f630
|i 808727ef-0620-30bf-9696-a172e12d9c98
|t 0
|
| 952 |
f |
f |
|p bluray
|a Texas A&M University
|b College Station
|c Sterling C. Evans Library
|d Evans: Media and Reserves (Annex 1st floor)
|t 0
|e PN1995.9.L6 N47 2021
|h Library of Congress classification
|i video -- videodisc
|m A14851187618
|
| 998 |
f |
f |
|a PN1995.9.L6 N47 2021
|t 0
|l Evans: Media and Reserves (Annex 1st floor)
|